| 000 | 00553nam a22001937a 4500 | ||
|---|---|---|---|
| 003 | CEME | ||
| 005 | 20210628202630.0 | ||
| 008 | 210210b xxu||||| |||| 00| 0 eng d | ||
| 020 | _a0-324-00232-7 | ||
| 040 | _c. | ||
| 082 | _a658.1552 HAN | ||
| 100 |
_aMowen, Maryanne.M,Hansen, Don.R _960803 |
||
| 245 | _aCost management accounting and control | ||
| 250 | _a3RD | ||
| 260 |
_aUSA _bSOUTH-WESTERN COLLEGE _c2000 |
||
| 300 | _aXXIII,951P | ||
| 650 |
_aMANAGERIAL ACCOUNTING; ACTIVITY BASED ACCOUNTING; COST ACCOUNTIN _960804 |
||
| 942 |
_cBK _2ddc |
||
| 999 |
_c570437 _d570437 |
||